00881nam a22002057a 4500999001700000003000900017008004100026040007100067082002000138100002200158245004100180260005600221300002400277505016700301650002200468700005400490942001600544945002000560952009500580 c12111d12111AR-CdUCM190405b ||||| |||| 00| 0 eng d aMUNICIPALIDAD PROVINCIAL DEL CUSCOcBIBLIOTECA MUNICIPAL DEL CUSCO aES / 608 /bH99 aHyde, Margaret O. aLa aviación :bDe hoy y mañana / aBarcelona :bEditorial Ramón Sopena, S.A.,c1958. a184 paginasc21 cm. aContenido :v.3. Las partes del aeroplano -- En vuelo -- Aviones de propulsión -- El primer vuelo al espacio -- Más allá de la estación interplanetaria ... aAeroplanos929794 aVelasco Armillas, Francisco J. (traductor)929795 2ddccLIBROS arumd2019-04-05 002ddc4070aSCbSCcCARTd2019-04-05g29.00o608 / H99pSC0000002088r2019-04-05yLIBROS